00635 2200205 4500001002100000005001500021035002000036007000300056008004100059020001500100082001000115084001600125100001800141245014300159250001100302260003600313300003500349650003600384990000900420INLIS00000000000737420210317113051 a0010-0321000744ta210317 g | ind  a9796663554 a070.1 a070.1 SUW s0 aSUWIRTA, andi1 aSuara dari Dua Kota :bRevolusi indonesia dalam pandangan surat kabar merdeka (jakarta) dan kedaulatan rakyat (Yogyakarta) /cAndi Suwirta aCet. 1 aJakarta :bBalai Pustaka,c2000 axxv, 222 hlm :b.ilus ;c21 cm 4aSurat kabar- revolusi indonesia a2167